Nommez ces gâteaux - Statistiques

Statistiques générales
  • Ce quiz a été pris 57 fois
  • Le résultat moyen est 11 sur 16
Statistiques - réponses
Par images Réponse % Correct
Éclair
100%
Flan
96%
Paris Brest
96%
Brownie
93%
Forêt Noire
93%
Clafoutis
82%
Charlotte
79%
Baba au rhum
77%
Tarte au citron
70%
Tarte tatin
63%
Cheesecake
61%
Pastel de nata
46%
Far Breton
45%
Spéculoos
41%
Canelés
38%
Salambo
18%
Aucun quiz correspondant
Distribution des résultats
% des personnes avec chaque résultat
Percentile par nombre de réponses
Votre historique - résultats
Vous n’avez pas pris ce quiz